Usted - Juan Magán, Mala Rodríguez - Estadísticas

Estadísticas generales
  • Esta prueba ha sido intentada 73 veces
  • La puntuación promedio es 337 de 455
Estadísticas de respuestas
Letra % Correcto
a
100%
A
100%
lo
100%
por
100%
que
100%
¿Qué
100%
qué
100%
Que
100%
de
94%
e'
94%
no
94%
No
94%
usted
94%
Usted,
94%
ve,
94%
ve
94%
y
94%
Y
94%
loco
89%
mi
89%
89%
o
89%
vi
89%
di
83%
en
83%
la
83%
más
83%
Me
83%
me
83%
pasó
83%
83%
sé,
83%
se
83%
Se
83%
83%
ves
83%
vida
83%
ya
83%
Ya
83%
yo
83%
yo,
83%
Yo
83%
Con
78%
con
78%
si
78%
Si
78%
todo
78%
tratándome
78%
el
72%
Es
72%
es
72%
intente
72%
las
72%
los
72%
na',
72%
na,
72%
te
72%
un
72%
ahí
67%
al
67%
aún
67%
bobo
67%
como
67%
cuenta
67%
engaña
67%
lodo
67%
nadando
67%
ti
67%
ver
67%
diferente
61%
dijeron
61%
este
61%
final
61%
le
61%
ni
61%
ojos
61%
Ojos
61%
quién
61%
quiere
61%
va
61%
veo
61%
volvieron
61%
ahora
56%
aunque
56%
cada
56%
corazón
56%
dedos
56%
gente
56%
hombre
56%
muy
56%
noche
56%
otra
56%
pase
56%
pasé
56%
pero
56%
Pero
56%
quiero
56%
resto
56%
sabe
56%
siente
56%
soy
56%
tipo
56%
vez
56%
volver
56%
amor,
50%
amor
50%
confiaba
50%
creerme
50%
creerte
50%
Dime
50%
ella
50%
miente
50%
quiera
50%
ronear,
50%
tan
50%
ven,
50%
verme
50%
así
44%
cacareo
44%
déjate
44%
gusta
44%
hacemos
44%
hacías
44%
papá?,
44%
rodeos
44%
su
44%
tarde,
44%
tarde
44%
traiciona
44%
calle
39%
creo
39%
des
39%
ganas
39%
haga
39%
lado
39%
lecciones
39%
ningún
39%
pena
39%
puedo
39%
quererla
39%
Quererla
39%
quitan
39%
recreo
39%
víctima,
39%
víctima
39%
andaba
33%
cine
33%
comen
33%
contigo
33%
feo
33%
gusto
33%
pone
33%
Romeo
33%
Yeah,
33%
acabó
28%
podía
28%
sanarla
28%
verlo
28%
andar
22%
soñar
22%
avísame
11%
tiene
11%
tratándolo
11%
aquí
6%
hambre,
6%
No se encontraron pruebas coincidentes
Distribución de puntuación
Porcentaje de gente con cada puntuación
Porcentaje por número respondido
Historial de tus puntuaciones
No has intentado esta prueba.